| 000 | 00545nam a2200193Ia 4500 | ||
|---|---|---|---|
| 999 |
_c32582 _d32582 |
||
| 003 | OSt | ||
| 005 | 20200730095634.0 | ||
| 008 | 190216s9999||||xx |||||||||||||| ||und|| | ||
| 020 | _a9788122425802 | ||
| 040 | _coclc | ||
| 082 |
_a512.02 _bVAS/M |
||
| 100 |
_aVatsa, B S _93856 |
||
| 245 | 0 |
_aModern Algebra / _cB S Vatsa ; Suchi Vasta |
|
| 250 | _a2nd Ed. | ||
| 260 |
_bNew Age International Publishers, _c2010. _aNew Delhi: |
||
| 300 | _a464p | ||
| 650 | _aAlgebra | ||
| 942 |
_cBK _2ddc _h512.02 _iVAT/M _k512.02 _mVAT/M |
||